Gaming Quiz

Random Gaming or Numbers Quiz

Legend of Zelda: The Wind Waker by Numbers Quiz Stats

 Plays Quiz not verified by Sporcle

Also try: Chess Pieces
Challenge
Share
Tweet
Embed
Score 0/20 Timer 03:00
0 Plays Today
The number of... # % Correct
Pearls needed to raise the Tower of the Gods3
83.5%
Days Link was originally supposed to wear his 'Hero's Clothes'1
82.3%
Notes in the Ballad of Gales4
82%
Notes in the Wind God's Aria6
81.7%
Shards of the Triforce buried below the sea8
81.2%
Rupees a Silver Rupee equates to200
79%
Magical Attachments the Queen Fairy blesses Link's arrows with2
78.9%
Knight's Crests required to learn Orca's 'Hurricane Spin'10
76.4%
Phases of the Moon7
75.6%
Eyes a Big Octo might have, if it's hiding a Heart Piece12
72.8%
The number of... # % Correct
Joy Pendants a Cabana Deed is worth, apparently20
71.2%
ChuChu Jellies needed to brew a potion15
65.8%
Rupees the Biggest Wallet can carry5000
65.3%
Bombs a fully upgraded Bomb Bag can carry99
65.2%
Floors, in total, of the Savage Labyrinth50
61.9%
Barrel Targets in the Target Shooting minigame (not 'Battleship')5
57.6%
Islands (or archipelagos) in Hyrule49
57.5%
Different Tile Puzzles Link may enjoy at his Cabana16
56%
Individual Blue ChuChus infesting Hyrule23
41.6%
Rupees Tingle will charge to Translate a Triforce Chart398
35.8%

You're not logged in!

Compare scores with friends on all Sporcle quizzes.
Join for Free
OR
Log In

You Might Also Like...

Show Comments

Extras

Top Quizzes Today


Score Distribution

Your Account Isn't Verified!

In order to create a playlist on Sporcle, you need to verify the email address you used during registration. Go to your Sporcle Settings to finish the process.

Report this User

Report this user for behavior that violates our Community Guidelines.

Details: